Powiaty, które wystąpiły w konkursach Papież Cup na mapie - Statystyki

Ogólne statystyki
  • Ten quiz został rozwiązany 10 razy
    9 od ostatniego zresetowania
  • Średni wynik to 74 z 145
Odpowiedzi na mapie
Odpowiedzi zakodowano w zielono-czerwonej skali na mapie do tego quizu, zgodnie z poniższymi procentami.
 
Statystyki odpowiedzi
Odpowiedź % Poprawnych
miasto {Kraków}
89%
miasto {Warszawa}
89%
głogowski
78%
miasto {Bydgoszcz}
78%
miasto {Katowice}
78%
miasto {Łódź}
78%
bydgoski
67%
chełmski
67%
kaliski
67%
karkonoski
67%
kłodzki
67%
krakowski
67%
limanowski
67%
lubelski
67%
miasto {Białystok}
67%
miasto {Kielce}
67%
miasto {Lublin}
67%
miasto {Nowy Sącz}
67%
miasto {Wałbrzych}
67%
nowosądecki
67%
nyski
67%
ostrołęcki
67%
piotrkowski
67%
płocki
67%
poznański
67%
radomski
67%
świdnicki
67%
tatrzański
67%
toruński
67%
wadowicki
67%
warszawski zachodni
67%
wielicki
67%
wrocławski
67%
augustowski
56%
białostocki
56%
bielski
56%
biłgorajski
56%
bocheński
56%
chojnicki
56%
cieszyński
56%
częstochowski
56%
dębicki
56%
elbląski
56%
giżycki
56%
gnieźnieński
56%
gołdapski
56%
gostyński
56%
grodziski
56%
hajnowski
56%
hrubieszowski
56%
janowski
56%
kielecki
56%
koszaliński
56%
kozienicki
56%
łódzki wschodni
56%
miasto {Bytom}
56%
miasto {Krosno}
56%
miasto {Sosnowiec}
56%
mławski
56%
nakielski
56%
nowodworski
56%
oleśnicki
56%
ostrowski
56%
oświęcimski
56%
piaseczyński
56%
pleszewski
56%
policki
56%
pruszkowski
56%
przemyski
56%
przysuski
56%
pucki
56%
sieradzki
56%
skierniewicki
56%
stalowowolski
56%
starogardzki
56%
strzelecki
56%
świebodziński
56%
tarnogórski
56%
tczewski
56%
tomaszowski
56%
wieluński
56%
wołomiński
56%
żarski
56%
zduńskowolski
56%
żniński
56%
brzeziński
44%
buski
44%
gostyniński
44%
iławski
44%
jarosławski
44%
jasielski
44%
jędrzejowski
44%
kartuski
44%
kościerski
44%
krapkowicki
44%
łęczycki
44%
leżajski
44%
lubartowski
44%
lubiński
44%
lubliniecki
44%
moniecki
44%
myszkowski
44%
ostródzki
44%
pilski
44%
polkowicki
44%
przasnyski
44%
sokólski
44%
średzki
44%
sztumski
44%
szydłowiecki
44%
tucholski
44%
włodawski
44%
wodzisławski
44%
zgorzelecki
44%
żywiecki
44%
brodnicki
33%
czarnkowsko-trzcianecki
33%
grajewski
33%
jarociński
33%
kępiński
33%
krotoszyński
33%
lipski
33%
lubaczowski
33%
mrągowski
33%
namysłowski
33%
pińczowski
33%
radzyński
33%
rawicki
33%
rypiński
33%
sochaczewski
33%
wałecki
33%
zawierciański
33%
goleniowski
22%
ostrzeszowski
22%
pułtuski
22%
słupecki
22%
świecki
22%
trzebnicki
22%
wąbrzeski
22%
lipnowski
11%
szczycieński
11%
węgrowski
11%
Nie znaleziono quizów pasujących do podanych kryteriów
Rozkład punktacji
Procent ludzi z każdym wynikiem
Percentyl według liczby udzielonych odpowiedzi
Twoja historia wyników
Nie rozwiązałeś tego quizu od ostatniego zresetowania